Obras completas de don José de Espronceda
Αποθηκεύτηκε σε:
| Κύριος συγγραφέας: | |
|---|---|
| Μορφή: | Βιβλίο |
| Γλώσσα: | Ισπανικά |
| Έκδοση: |
Madrid
Atlas
1954
|
| Σειρά: | Biblioteca de Autores Españoles, 72
|
| Θέματα: | |
| Ετικέτες: |
Προσθήκη ετικέτας
Δεν υπάρχουν, Καταχωρήστε ετικέτα πρώτοι!
|
MARC
| LEADER | 00000nam a2200000 a 4500 | ||
|---|---|---|---|
| 001 | UCX5572 | ||
| 003 | CL-VaPUC | ||
| 008 | 921127e19540000SP |||||||||||||||||spa|d | ||
| 082 | 0 | 4 | |a 860.8 |b CAM |2 21 |
| 100 | 0 | |a Campos, Jorge |e author |9 321869 | |
| 245 | 1 | 0 | |a Obras completas de don José de Espronceda |
| 300 | |a 608 p | ||
| 942 | |c BK | ||
| 945 | |d 19921127 00:00:00 | ||
| 260 | |a Madrid |b Atlas |c 1954 | ||
| 600 | 0 | 7 | |a ESPRONCEDA, JOSE DE |2 CL-VaPUC |9 321870 |
| 650 | 0 | |a Poesías españolas |9 265100 | |
| 650 | 0 | |a Novelas españolas |9 265052 | |
| 650 | 0 | |a Dramas españoles |9 267081 | |
| 583 | |a last modification |c 19921127 00:00:00 |k Rodrigo Vera | ||
| 490 | 0 | |a Biblioteca de Autores Españoles, 72 | |
| 999 | |c 225787 |d 225785 | ||
| 952 | |0 0 |1 0 |4 0 |6 860_800000000000000_CAM_1954 |7 0 |8 A |9 223604 |a FDOPOS |b FDOPOS |d 2019-11-15 |i 2924390 |o 860.8 CAM 1954 |p 2924390 |r 2025-01-22 |w 2019-11-15 |y BK |k MLH | ||
| 952 | |0 0 |1 0 |4 0 |6 860_800000000000000_CAM_1954 |7 0 |8 A |9 223605 |a FDOPOS |b FDOPOS |d 2019-11-15 |i 2924404 |o 860.8 CAM 1954 |p 2924404 |r 2025-01-22 |w 2019-11-15 |y BK |k MLH | ||
| 952 | |0 0 |1 0 |4 0 |6 860_800000000000000_CAM_1954 |7 0 |8 A |9 223606 |a BIBEDU |b BIBEDU |d 2019-11-15 |i 1436465 |o 860.8 CAM 1954 |p 1436465 |r 2019-11-15 |w 2019-11-15 |y BK |k LIT | ||